Mixed Word: Omelette Quiz Stats

 Plays Quiz Updated Oct 13, 2016

Challenge
Share
Tweet
Embed
Score 0/14 Timer 03:00
0 Plays Today
Hint Answer % Correct
GGEEgg
99.9%
SHEEECCheese
99.4%
MHAHam
98.8%
CANOBBacon
97.7%
LEBL PEERPPBell Pepper
97.1%
NOOINOnion
95.1%
MOOTATTomato
94.6%
Hint Answer % Correct
ZINCUCIHZucchini
89.3%
DUNGOR FEBEGround Beef
82.9%
AAEGSSUSausage
80.1%
VILESOOlives
79.6%
MMHOROUSMushroom
75%
LOBOCICRBroccoli
69.7%
CHIPSANSpinach
63.5%

You're not logged in!

Compare scores with friends on all Sporcle quizzes.
Join for Free
OR
Log In

You Might Also Like...

Show Comments

Extras

Top Quizzes Today


Score Distribution

Your Account Isn't Verified!

In order to create a playlist on Sporcle, you need to verify the email address you used during registration. Go to your Sporcle Settings to finish the process.

Report this User

Report this user for behavior that violates our Community Guidelines.

Details: